00649cam a2200217 a 45000010005000000030009000050050017000140080041000310100017000720200015000890400028001040820020001321000023001522450078001752600045002533000048002985000020003466300022003666500025003887000018004137034BD-DhUAP20201228150206.0201228s2001 nyua 000 0 eng d a 2001270003 a0072132469 aCTMcCTMdBD-DhUAPbeng00a005.369 NEL2231 aNelson, Stephen L.10aOffice XP :bthe complete reference /cStephen L. Nelson and Julia Kelly. aNew York :bOsborne/McGraw-Hill,cc2001. axxxv, 1002 pages :billustrations ;c23 cm. aIncludes index.00aMicrosoft Office. 0aIntegrated software.1 aKelly, Julia.